书目信息 |
| 题名: |
实用经济法
|
|
| 作者: | 冉向东 主编 | |
| 分册: | ||
| 出版信息: | 重庆 重庆大学出版社 1998.06 |
|
| 页数: | 516页 | |
| 开本: | 32开 | |
| 丛书名: | ||
| 单 册: | ||
| 中图分类: | D922.29-43 | |
| 科图分类: | ||
| 主题词: | 法律--中国 | |
| 电子资源: | ||
| ISBN: | 7-5624-1792-X | |
| 000 | 00551nam0 2200193 45 | |
| 001 | 0009020882 | |
| 005 | 20000902085327.0 | |
| 010 | @a7-5624-1792-X@d20.00元 | |
| 100 | @a20000902d1998 km y0chiy0120 ea | |
| 101 | 0 | @achi |
| 105 | @a z 000yy | |
| 200 | 1 | @a实用经济法@AShi Yong Jing Ji Fa@f冉向东主编@FRan Xiang Dong Zhu Bian |
| 210 | @a重庆@c重庆大学出版社@d1998.06 | |
| 215 | @a516页@d32开 | |
| 606 | 0 | @a法律@x中国 |
| 690 | @aD922.29-43@v3 | |
| 701 | 0 | @a冉向东@4主编 |
| 801 | @aCN@bPftUser@c20000902 | |
| 905 | @b116836-838@dD922.29-43@eR204@f3 | |
| 实用经济法/冉向东主编.-重庆:重庆大学出版社,1998.06 |
| 516页;32开 |
| ISBN 7-5624-1792-X:20.00元 |
| ● |
| 相关链接 |
|
|
|
正题名:实用经济法
索取号:D922.29-43/R204
 
预约/预借
| 序号 | 登录号 | 条形码 | 馆藏地/架位号 | 状态 | 备注 |
| 1 | 116836 | 201168360 | 社科库509/509社科库 87排5列4层/ [索取号:D922.29-43/R204] | 在馆 | |
| 2 | 116837 | 201168379 | 社科库509/509社科库 87排5列4层/ [索取号:D922.29-43/R204] | 在馆 | |
| 3 | 116838 | 201168388 | 社科库509/509社科库 87排5列4层/ [索取号:D922.29-43/R204] | 在馆 |